000 00614nam a2200277Ia 4500
005 20260324123956.0
008 008 260324s9999 xx 000 0 eng d
020 _a9780240817057
037 _aEBOOK
040 _aCRL
040 _beng
040 _cCRL
041 _2eng
041 _aeng
084 _qCRL
100 _aBenjamin Bratt
_91172371
245 0 _aRotoscoping
260 _bTaylor and Francis
260 _c2011
365 _a
365 _b300
856 _uhttp://www.taylorfrancis.com/books/9780240817057
942 _cEBOOK
999 _c1766354
_d1766354